Guess the country by its flag - Statistics

General Stats
  • This quiz has been taken 126 times
  • The average score is 8 of 10
Answer Stats
Picture Answer % Correct
United States of America
96%
Ukraine
95%
Poland
94%
South Korea
93%
Norway
88%
Pakistan
81%
The Netherlands
63%
Algeria
60%
Estonia
55%
Bhutan
51%
No matching quizzes found
Score Distribution
Percent of People with Each Score
Percentile by Number Answered
Your Score History
You have not taken this quiz